000 00273nam a22001097a 4500
041 _aENG
245 _aMethod for Measurement Of Exhaust Smoke Emitted By Agricultural Tractors
260 _aNew Delhi
_bBIS
_c1987
300 _a12
650 _aBIS Code
856 _uBIS Code
999 _c2120
_d2120